Most Popular Colors (100) - Statistics

General Stats
  • This quiz has been taken 738 times
  • The average score is 30 of 100
Answer Stats
Rank Color % Correct
3 Red
100%
1 Blue
99%
5 Black
98%
2 Green
98%
7 Yellow
98%
6 Orange
97%
4 Purple
96%
10 Pink
95%
9 White
94%
32 Brown
91%
24 Gray
91%
8 Gold
79%
12 Silver
79%
22 Violet
76%
33 Navy Blue
63%
11 Turquoise
63%
39 Magenta
62%
34 Indigo
60%
69 Tan
60%
48 Beige
59%
54 Light Blue
59%
71 Maroon
58%
14 Lime Green
55%
20 Teal
52%
16 Dark Blue
50%
57 Lavender
48%
23 Aqua
47%
17 Sky Blue
47%
47 Peach
45%
26 Cyan
44%
19 Emerald Green
40%
25 Ruby Red
36%
44 Scarlet
33%
49 Baby Blue
30%
37 Crimson
30%
15 Aquamarine
26%
40 Hot Pink
26%
35 Neon Green
26%
42 Periwinkle
26%
68 Red Orange
26%
45 Bright Yellow
25%
66 Neon Yellow
25%
70 Blue Green
24%
51 Burgundy
24%
13 Sapphire Blue
23%
30 Royal Blue
22%
74 Neon Blue
21%
43 Neon Orange
21%
64 Neon Pink
21%
55 Olive Green
20%
96 Plum
20%
41 Cerulean
19%
27 Mint Green
19%
65 Yellow Green
19%
83 Cobalt
17%
80 Neon Red
17%
82 Sea Green
16%
92 Apricot
15%
88 Burnt Orange
15%
38 Grass Green
15%
31 Platinum
15%
90 Lemon Yellow
12%
18 Blood Red
11%
21 Midnight Blue
10%
63 Sepia
10%
93 Melon
9%
62 Red Violet
9%
89 Hazel
8%
60 Orchid
7%
97 Pale Blue
6%
53 Saffron
6%
58 Spring Green
6%
28 Sunset Orange
6%
72 Burnt Umber
5%
36 Electric Blue
5%
75 Leaf Green
5%
85 Robins Egg Blue
5%
77 Salmon Pink
5%
59 Vanilla
5%
29 Chrome
4%
98 Pastel Green
3%
61 Bittersweet
2%
73 Duck Egg Blue
2%
99 Pastel Orange
2%
94 Byzantium
1%
100 Chrome Orange
1%
52 Cloudy Gray
1%
79 Fluro Orange
1%
76 Fluro Yellow
1%
95 Manila
1%
46 Midnight Purple
1%
84 Puke Brown
1%
87 Tumbleweed
1%
56 Cobalt Blue
0%
81 Electric Lime
0%
86 Irish Green
0%
50 Raven Blue
0%
67 Texas Orange
0%
78 Topaz Blue
0%
91 Tropical Rainforest Green
0%
No matching quizzes found
Score Distribution
Percent of People with Each Score
Percentile by Number Answered
Your Score History
You have not taken this quiz